000 00500nam a2200181Ia 4500
008 220204s9999 xx 000 0 und d
082 _a913(031)(100)
_bSAC
245 0 _aEncyclopedia of the nations. 5 V
260 _aLondon
_bNew Caxton
_c1971
505 _aV 1. United Nations; V 2. Africa; V 3.America;V 4. Asia and Australia; V 5. Europe
650 _aAfrica
650 _aAmericas
650 _aAsia
650 _aAustralia
650 _aEurope
650 _aUnited Nations
942 _cBK
999 _c34523
_d34523